000
00345cam a2200145ua 4500
041
_a
eng
_h
082
_a
922
_b
ROW/CH
100
_a
Rowse, A L .
245
_a
Christopher Marlowe /
_c
A L Rowse.
_h
Textual Documents
260
_a
London :
_b
McMillon & Co Ltd ,
_c
1964.
300
_a
220 ; .
504
_a
942
_c
BK
999
_c
6294
_d
6294